[Event "RSA-ch U10"]
[Site "Gauteng"]
[Date "2017.04.07"]
[Round "4"]
[White "Daniel, Isaiah"]
[Black "Jordaan, Wian"]
[Result "1-0"]
[WhiteElo "890"]
[BlackElo "691"]
[PlyCount "27"]
[EventDate "2017.04.05"]
[EventType "swiss"]
[EventRounds "11"]
[EventCountry "RSA"]
[SourceTitle "CBM 177 Extra"]
[Source "ChessBase"]
[SourceDate "2017.04.27"]
[SourceVersion "1"]
[SourceVersionDate "2017.04.27"]
[SourceQuality "1"]

1. e4 e5 2. Nf3 Nc6 3. Bc4 Nf6 4. Ng5 Qe7 5. Nc3 h6 6. Nf3 d6 7. h3 Be6 8. Bb5 0-0-0 9. Bxc6 bxc6 10. d4 exd4 11. Nxd4 Qd7 12. Qd3 Qe8 13. Qa6+ Kd7 14. Nxc6 1-0